00684nam a2200205Ia 4500003000900000008004100009020001800050040001600068080001300084100002800097245008100125260004700206300001300253650004100266650003000307650001800337942000700355999001500362952010100377IN-BaIIA211028s9999 xx 000 0 eng d a0-226-10084-7 cIIA Library a533bCHA aChandrasekhar, S.91248 0aPlasma physicscS. Chandrasekhar  aChicagobUniversity of Chicago Pressc1975 ax, 217p. aAstronomy and astrophysics Thesaurus aPlasma astrophysics93786 aPlasmas91898 cBK c5438d5438 00104070aBANbBANcGENd1977-04-25l1o533/ CHAp6077r2024-11-06s2024-10-07w1977-04-25yBK